| 000 | 01308cam a22003854a 4500 | ||
|---|---|---|---|
| 001 | 4219 | ||
| 003 | FISKH | ||
| 005 | 20250508093328.0 | ||
| 008 | 080502s2008 nyua b 000 1 eng | ||
| 010 | _a 2008013851 | ||
| 020 | _a9780061346125 (lib bdg.) | ||
| 020 | _a9780061346118 (pbk bdg.) | ||
| 040 |
_aDLC _cDLC _dDLC _beng |
||
| 050 | _aPZ7.G9846 | ||
| 082 | _a813.6 | ||
| 100 | 1 | _aGutman, Dan. | |
| 245 | 1 | 0 |
_aMr. Granite is from another planet! / _cDan Gutman ; pictures by Jim Paillot. |
| 260 |
_aNew York : _bHarperTrophy, _c2008. |
||
| 300 |
_a103 pages : _billustrations ; _c20 cm |
||
| 490 | 0 |
_aMy weird school daze ; _vBook 3 |
|
| 505 | _aJ | ||
| 520 | _aNew third grade teacher Mr. Granite has so many strange ideas about how to make Ella Mentry School environmentally friendly that the students are sure he must be an alien. | ||
| 521 | 8 |
_a500
_bLexile |
|
| 521 | 8 |
_aJ
_bRaz-Plus |
|
| 650 | 1 |
_aSchools _vFiction. |
|
| 650 | 1 |
_aTeachers _vFiction. |
|
| 650 | 1 |
_aGreen movement _vFiction. |
|
| 650 | 1 |
_aEnvironmental protection _vFiction. |
|
| 650 | 1 |
_aExtraterrestrial beings _vFiction. |
|
| 650 | 1 | _aHumorous stories. | |
| 700 | 1 |
_aPaillot, Jim, _eillustrator |
|
| 906 |
_a7 _bcbc _corignew _d1 _eecip _f20 _gy-gencatlg |
||
| 942 |
_2ddc _cBK _n0 |
||
| 999 |
_c4219 _d4219 |
||